Object-oriented analysis and design for information systems : (Record no. 20549)
[ view plain ]
| 000 -LEADER | |
|---|---|
| fixed length control field | 01073cam a22002415a 4500 |
| 001 - CONTROL NUMBER | |
| control field | 18016783 |
| 005 - DATE AND TIME OF LATEST TRANSACTION | |
| control field | 20151124105718.0 |
| 008 - FIXED-LENGTH DATA ELEMENTS--GENERAL INFORMATION | |
| fixed length control field | 140123t2014 maua frb 001 0 eng d |
| 020 ## - INTERNATIONAL STANDARD BOOK NUMBER | |
| International Standard Book Number | 0124186734 |
| 020 ## - INTERNATIONAL STANDARD BOOK NUMBER | |
| International Standard Book Number | 9780124186736 |
| 040 ## - CATALOGING SOURCE | |
| Original cataloging agency | DLC |
| Language of cataloging | eng |
| Transcribing agency | DLC |
| Modifying agency | EG-ScBUE |
| 082 04 - DEWEY DECIMAL CLASSIFICATION NUMBER | |
| Classification number | 005.117 |
| Edition number | 22 |
| Item number | WAZ |
| 100 1# - MAIN ENTRY--PERSONAL NAME | |
| Personal name | Wazlawick, Raul Sidnei. |
| 9 (RLIN) | 38787 |
| 245 10 - TITLE STATEMENT | |
| Title | Object-oriented analysis and design for information systems : |
| Remainder of title | modeling with UML, OCL, and IFML / |
| Statement of responsibility, etc | Raul Sidnei Wazlawick. |
| 260 ## - PUBLICATION, DISTRIBUTION, ETC. (IMPRINT) | |
| Place of publication, distribution, etc | Waltham : |
| Name of publisher, distributor, etc | Morgan Kaufmann / Elsevier, |
| Date of publication, distribution, etc | c.2014. |
| 300 ## - PHYSICAL DESCRIPTION | |
| Extent | (Various pagings) : |
| Other physical details | ill. ; |
| Dimensions | 24 cm. |
| 504 ## - BIBLIOGRAPHY, ETC. NOTE | |
| Bibliography, etc | Includes bibliographical references and index. |
| 505 8# - FORMATTED CONTENTS NOTE | |
| Formatted contents note | Machine generated contents note: Introduction Business Modeling Requirements Use Cases System Sequence Diagrams Conceptual Modeling Contracts Domain Layer Design Web Interface Design Persistency Code Generation and Tests . |
| 650 #7 - SUBJECT ADDED ENTRY--TOPICAL TERM | |
| Topical term or geographic name as entry element | Object-oriented methods (Computer science) |
| Source of heading or term | BUEsh |
| 9 (RLIN) | 17722 |
| 651 ## - SUBJECT ADDED ENTRY--GEOGRAPHIC NAME | |
| Source of heading or term | BUEsh |
| 653 ## - INDEX TERM--UNCONTROLLED | |
| Resource For college | Informatics and Computer Science |
| Arrived date list | August2015 |
| -- | November2015 |
| 942 ## - ADDED ENTRY ELEMENTS (KOHA) | |
| Source of classification or shelving scheme | Dewey Decimal Classification |
| Call number prefix | 005.117 WAZ |
| Withdrawn status | Lost status | Source of classification or shelving scheme | Damaged status | Not for loan | Koha collection | Home library | Current library | Shelving location | Date acquired | Source of acquisition | Cost, normal purchase price | Serial Enumeration / chronology | Total Checkouts | Full call number | Barcode | Date last seen | Cost, replacement price | Koha item type |
|---|---|---|---|---|---|---|---|---|---|---|---|---|---|---|---|---|---|---|
| Dewey Decimal Classification | Baccah | Central Library | Central Library | Lower Floor | 17/08/2015 | Purchase | 440.00 | 21759 | 005.117 WAZ | 000030775 | 15/07/2025 | 550.00 | Book - Borrowing |